I sistemi giuridici europei.

Unificazione politica ed economica non significa unificazione giuridica: van Caenegem addita in questo volume uno degli scogli maggiori che si trovano sul cammino dell'Europa unita. Il fatto che le due antiche tradizioni coesistenti nello spazio giuridico europeo - il britannico "common la...

Volledige beschrijving

Bewaard in:
Bibliografische gegevens
Hoofdauteur: Caenegem, Raoul C. van (autore)
Formaat: Boek
Taal:Engels
Gepubliceerd in: Bologna, Italia: Il Mulino, 2003.
Reeks:Le vie della civiltà.
Onderwerpen:
Tags: Voeg label toe
Geen labels, Wees de eerste die dit record labelt!

MARC

LEADER 00000nam a22000007a 4500
003 CL-VaPUC
005 20220822114448.0
008 220401t2003 ||||| |||| 00| 0 eng d
999 |c 435253  |d 435251 
020 |a 88-15-09300-1  
040 |c Pontificia Universidad Católica de Valparaíso 
082 7 |a 349.409 CAE 2003  |2 22 
100 |a Caenegem, Raoul C. van  |9 297668  |e autore 
245 |a I sistemi giuridici europei.  
260 |a Bologna, Italia:   |b Il Mulino,   |c 2003. 
300 |a 183 páginas. 
490 |a Le vie della civiltà. 
500 |a c.1 Donación Familia Prof. Alejandro Guzmán Brito. 
505 |a Capítulos: - I. I codici nazionali: una fase di transizione. - II. Diritto comune: la prima unificazione del diritto europeo. - III. Common law e civil law: vicini ma stranieri. - IV. I libri sacri del diritto. - V. Perché lo ius commune conquisto l'Europa? - VI. Il diritto è politica. 
520 |a Unificazione politica ed economica non significa unificazione giuridica: van Caenegem addita in questo volume uno degli scogli maggiori che si trovano sul cammino dell'Europa unita. Il fatto che le due antiche tradizioni coesistenti nello spazio giuridico europeo - il britannico "common law" e il "civil law" continentale - non si lasciano facilmente ricondurre ad unit. "Fidatevi dei giudici, poich sono la migliore guida nell'intricata selva del diritto"; "Fidatevi del legislatore, e diffidate dei giudici che travisano il significato dei codici": due posizioni estreme e opposte. La prima riassume lo spirito del common law, la seconda sintetizza il sentimento che anima i sistemi di civil law, figli dell'antico diritto romano. Eppure, scrive van Caenegem, la nascita di un nuovo diritto comune europeo ineludibile e, storicamente, si gi dato che ideali e movimenti politici abbiano modellato le forme giuridiche. Raoul C. van Caenegem professore emerito nelle Facolt di Lettere e di Giurisprudenza dell'Universit di Gand. Tra le sue tante opere, sono tradotte in Italia "I signori del diritto: giudici, legislatori e professori nella storia europea" (Giuffr, 1991) e, dal Mulino, "Introduzione storica al diritto privato" (II ed. 2002). 
583 |c 20220401  |k Yessy Stephany Diaz Vidal 
650 |a Derecho   |z Europa   |x Historia   |9 869360 
942 |2 ddc  |c BK  |n 0 
952 |0 0  |1 0  |2 ddc  |4 0  |5 1  |6 349_409000000000000_CAE_2003  |7 1  |8 C_AGB  |9 582389  |a BIBDER  |b BIBDER  |d 2022-04-01  |e Donación   |i 5650666  |o 349.409 CAE 2003  |p 5650666  |r 2023-01-25  |t 1  |w 2022-04-01  |y BK_US  |k AGB